[Event "Moscow Itkin Memorial-B"]
[Site "Moscow"]
[Date "2011.08.29"]
[Round "8"]
[White "Dvalishvili, Pavel S"]
[Black "Kalinichenko, Oleg"]
[Result "1-0"]
[WhiteElo "2413"]
[BlackElo "2204"]
[PlyCount "73"]
[EventDate "2011.08.19"]
[EventType "tourn"]
[EventRounds "9"]
[EventCountry "RUS"]
[EventCategory "3"]
[SourceTitle "CBM 144 Extra"]
[Source "ChessBase"]
[SourceDate "2011.10.28"]
[SourceVersion "1"]
[SourceVersionDate "2011.10.28"]
[SourceQuality "1"]

1. c4 f5 2. Nc3 Nf6 3. Nf3 g6 4. g3 Bg7 5. Bg2 0-0 6. 0-0 d6 7. d4 c6 8. b4 e5 9. dxe5 dxe5 10. Qxd8 Rxd8 11. e4 Be6 12. c5 h6 13. Be3 fxe4 14. Nd2 Nd5 15. Ndxe4 Na6 16. a3 Nac7 17. Bd2 Nxc3 18. Bxc3 Nb5 19. Bb2 Nd4 20. Nd6 Rab8 21. Rad1 b6 22. Bxd4 exd4 23. Bxc6 bxc5 24. bxc5 Rb2 25. Be4 g5 26. Rfe1 Kf8 27. Rd3 Bg4 28. Bf3 Bc8 29. Bd5 g4 30. Re4 Bf6 31. Rf4 Kg7 32. Nxc8 Rxd5 33. Nd6 Be5 34. Rxg4+ Kf6 35. Rf3+ Ke7 36. Rf7+ Ke6 37. Rg6+ 1-0

[Event "Moscow IM-A 06"]
[Site "Moscow"]
[Date "2011.06.13"]
[Round "3"]
[White "Kalinichenko, Oleg"]
[Black "Turutin, Alexander"]
[Result "0-1"]
[WhiteElo "2243"]
[BlackElo "2402"]
[PlyCount "76"]
[EventDate "2011.06.09"]
[EventType "tourn"]
[EventRounds "9"]
[EventCountry "RUS"]
[SourceTitle "EXT 2013"]
[Source "ChessBase"]
[SourceDate "2012.11.22"]
[SourceVersion "1"]
[SourceVersionDate "2012.11.22"]
[SourceQuality "1"]

1. e4 c5 2. Nf3 d6 3. Bb5+ Nd7 4. d4 Ngf6 5. Nc3 cxd4 6. Qxd4 e5 7. Qd3 h6 8. Be3 Be7 9. 0-0 0-0 10. a4 Qc7 11. Bc4 a6 12. Nh4 Nc5 13. Bxc5 Qxc5 14. Ng6 Re8 15. Rad1 Bd8 16. Bb3 Be6 17. Bxe6 Rxe6 18. Nh4 g6 19. Nf3 Rc8 20. Nd2 Qb4 21. Nb3 Bb6 22. Rd2 Rc4 23. Kh1 Bd4 24. Nd5 Nxd5 25. exd5 Rf6 26. Re2 Bxb2 27. Rb1 Qc3 28. Nd2 Qxd3 29. cxd3 Rc2 30. Ne4 Rxe2 31. Nxf6+ Kf8 32. g4 b5 33. axb5 axb5 34. Kg2 b4 35. Nd7+ Kg7 36. Nb6 Bd4 37. Rxb4 Rxf2+ 38. Kg3 Rd2 0-1

[Event "Moscow IM-A 06"]
[Site "Moscow"]
[Date "2011.06.11"]
[Round "2"]
[White "Pasalic, Harun"]
[Black "Kalinichenko, Oleg"]
[Result "1/2-1/2"]
[WhiteElo "2199"]
[BlackElo "2243"]
[PlyCount "120"]
[EventDate "2011.06.09"]
[EventType "tourn"]
[EventRounds "9"]
[EventCountry "RUS"]
[SourceTitle "EXT 2013"]
[Source "ChessBase"]
[SourceDate "2012.11.22"]
[SourceVersion "1"]
[SourceVersionDate "2012.11.22"]
[SourceQuality "1"]

1. e4 e5 2. Nf3 Nc6 3. Bc4 Be7 4. 0-0 Nf6 5. d3 0-0 6. Re1 d6 7. a4 Be6 8. Nbd2 Nd7 9. c3 Bxc4 10. Nxc4 Bf6 11. b4 a5 12. b5 Ne7 13. b6 d5 14. exd5 Nxd5 15. Ba3 Re8 16. bxc7 Qxc7 17. Bd6 Qc6 18. Bxe5 Nxe5 19. Nfxe5 Qc7 20. d4 Bxe5 21. Nxe5 Qxc3 22. Rc1 Qb4 23. Rc5 Rad8 24. Rb5 Nc3 25. Rxb4 Nxd1 26. Rxb7 Rxd4 27. Nf3 Rxe1+ 28. Nxe1 g6 29. Rb1 Nc3 30. Rb3 Ne4 31. f3 Rd1 32. Re3 Nd6 33. Kf1 Ra1 34. Re5 Nc4 35. Rc5 Rxa4 36. Nc2 Nd6 37. Ke2 Rc4 38. Rxc4 Nxc4 39. Kd3 Nd6 40. Kd4 Kf8 41. Kc5 Ke7 42. Kb6 a4 43. Ka5 Nf5 44. Kxa4 Nh4 45. Ne1 Nf5 46. Kb4 Ke6 47. Kc4 Ne3+ 48. Kd4 Nf1 49. h3 Kf5 50. Kd3 h5 51. h4 Ke5 52. Ke2 Ng3+ 53. Kf2 Nf5 54. g3 Kd4 55. Ng2 Ke5 56. Ne3 Ne7 57. Nc2 f5 58. Ne1 Kd4 59. f4 Ke4 60. Nf3 Nc6 1/2-1/2